Statistics for County Seats of Oregon

Click here to take the quiz!

General Stats

  • This quiz has been taken 353 times
  • The average score is 23 of 36

Answer Stats

CountyCounty Seat% Correct
DeschutesBend
93%
MultnomahPortland
89%
MarionSalem
86%
LaneEugene
82%
ClatsopAstoria
78%
Hood RiverHood River
78%
KlamathKlamath Falls
77%
JacksonMedford
77%
TillamookTillamook
77%
BentonCorvallis
76%
WashingtonHillsboro
71%
ClackamasOregon City
71%
WascoThe Dalles
71%
LinnAlbany
70%
BakerBaker City
70%
LincolnNewport
66%
DouglasRoseburg
66%
JosephineGrants Pass
65%
UmatillaPendleton
65%
HarneyBurns
58%
UnionLa Grande
58%
ColumbiaSt. Helens
58%
LakeLakeview
57%
CrookPrineville
56%
CurryGold Beach
55%
YamhillMcMinnville
55%
JeffersonMadras
54%
PolkDallas
53%
MalheurVale
52%
WallowaEnterprise
50%
WheelerFossil
50%
CoosCoquille
43%
ShermanMoro
42%
GrantCanyon City
41%
MorrowHeppner
40%
GilliamCondon
39%

Score Distribution

Percentile by Number Answered

Percent of People with Each Score

Your Score History

You have not taken this quiz